000 00714cab a2200229 4500
001 WB3433-41
008 090401t1998 xxu||||| |||| 00| 0 eng d
035 _a(Sirsi) u88146
041 _aeng
245 _aFurnishing to rent
260 _c1998
350 _a0
490 _aSunday Business
_v23 August 1998, 26(2)
520 _aThe market for rented furniture is growing in the UK, with more corporate companies choosing to locate in Britain and more private individuals opting to rent their furnishings on short term deals.
650 _aFURNITURE RENTAL
650 _aFURNITURE
650 _aHOME FURNISHINGS
650 _aRENTAL MARKET
690 _aHOUSING
942 _n0
948 _c26/08/1998
999 _c55685
_d55685